| 000 | 00745nam a22001337a 4500 | ||
|---|---|---|---|
| 040 | _cRUA | ||
| 082 | _aATM.s SAR 2013 B203 Or.1 | ||
| 100 | _aSAR, SANTY. | ||
| 245 | _aA comparison of inefficiencies of drip and manual irrigation on sweet pepper, ការប្រៀបធៀបប្រសិទ្ធភាពការស្រោចស្រពដោយប្រព័ន្ធដំណក់ទឹកហ្វើទីហ្វេសិន និងការស្រោចស្រពដោយដៃលើដំណាំម្ទេសហាវ៉ៃ | ||
| 260 |
_aPhnom Penh _bRUA _c2013 |
||
| 300 |
_axii; 61p. _bill. _c29cm. |
||
| 856 | _uhttps://drive.google.com/file/d/1o6Bi_FmeuQbc7klWrU8_GTof-qybWAxO/view?usp=sharing | ||
| 942 | _cATMSP | ||
| 999 |
_c4422 _d4422 |
||